000 00605nam a2200193Ia 4500
005 20260114185536.0
008 008 260114s9999 xx 000 0 eng d
020 _a9781350002081
037 _aEBOOK
040 _aCRL
_beng
_cCRL
041 _aeng
_2eng
084 _qCRL
100 _aSue Cranmer
_9871349
245 0 _aDisabled Children and Digital Technologies: Learning in the Context of Inclusive Education
260 _bBloomsbury
_c2020
856 _uhttp://dx.doi.org/10.5040/9781350002081?locatt=label:secondary_bloomsburyCollections
942 _cEBOOK
999 _c1470297
_d1470297